Note on the ancient geography of Asia (Record no. 658108)

MARC details
000 -LEADER
fixed length control field 00674nam a2200229Ia 4500
003 - CONTROL NUMBER IDENTIFIER
control field OSt
005 - DATE AND TIME OF LATEST TRANSACTION
control field 20220926033849.0
008 - FIXED-LENGTH DATA ELEMENTS--GENERAL INFORMATION
fixed length control field 220923b |||||||| |||| 00| 0 eng d
037 ## - SOURCE OF ACQUISITION
Terms of availability General Book
040 ## - CATALOGING SOURCE
Original cataloging agency RTL
Transcribing agency RTL
Language of cataloging eng
041 ## - LANGUAGE CODE
Source of code eng
Language code of text/sound track or separate title eng
100 ## - MAIN ENTRY--PERSONAL NAME
Personal name Das Nobin Chandra
9 (RLIN) 339633
245 #0 - TITLE STATEMENT
Title Note on the ancient geography of Asia
Remainder of title compiled f
260 ## - PUBLICATION, DISTRIBUTION, ETC.
Place of publication, distribution, etc. Varanasi
Name of publisher, distributor, etc. Bharat-Bharati India
Date of publication, distribution, etc. 1896
300 ## - PHYSICAL DESCRIPTION
Extent x,104p. Appendix p. 93-98
Dimensions cm.
650 ## - SUBJECT ADDED ENTRY--TOPICAL TERM
Topical term or geographic name entry element Geography - Asia
9 (RLIN) 237597
942 ## - ADDED ENTRY ELEMENTS (KOHA)
Classification part U.4.D, C6
Koha item type General Books
Source of classification or shelving scheme Colon Classification (CC)

No items available.

Copyright @ Delhi University Library System